000
00334 a2200157 4500
001
66921
020
_a
9788564305793
040
_c
Anchieta - Pituba
100
_a
Carraro, Fernando
240
1
0
_a
Dribles da vida
_l
por
245
1
0
_a
Dribles da vida
300
_a
32
362
0
_a
2018
650
4
_a
Literatura juvenil
942
_c
BK
999
_c
66921
_d
66921